Statistics for DC Superheroes

Click here to take the quiz!

General Stats

  • This quiz has been taken 96 times
    (32 since last reset)
  • The average score is 34 of 116

Answer Stats

HintAnswer% Correct
Bruce WayneBatman
100%
Kal-El/Clark KentSuperman
96%
Barry AllenThe Flash
96%
Diana PrinceWonder Woman
96%
Damian WayneRobin
93%
Victor StoneCyborg
86%
Arthur CurryAquaman
82%
Hal JordanGreen Lantern
82%
Dick GraysonNightwing
79%
Garfield LoganBeast Boy
75%
Oliver QueenGreen Arrow
75%
Jason ToddRed Hood
75%
Kara Zor-El/Kara DanversSupergirl
75%
J'onn J'onzzMartian Manhunter
71%
Rachel RothRaven
71%
Barbra GordonBatgirl
68%
Billy BatsonShazam
68%
Koriand'rStarfire
68%
Jonathan KentSuperboy
64%
Ronnie RaymondFirestorm
61%
Ray PalmerThe Atom
61%
Batman's ButlerAlfred Pennyworth
57%
Kate KaneBatwoman
57%
Jaime ReyesBlue Beetle
54%
Roy HarperArsenal
50%
GCPD CommissionerCommissioner Gordon
50%
Bart AllenKid Flash
50%
Dinah DrakeBlack Canary
46%
Carter HallHawkman
46%
Reporter For The Daily PlanetLois Lane
46%
Zatanna ZataraZatanna
46%
Kendra SaundersHawkgirl
43%
Superman's DogKrypto The Superdog
43%
Kent NelsonDoctor Fate
39%
Queen Of AtlantisMera
39%
M'gann M'orzzMiss Martian
36%
Cameraman Of ^Jimmy Olsen
32%
Patrick O'BrianPlastic Man
32%
Kara Zor-L/Karen StarrPower Girl
32%
Tim DrakeRed Robin
32%
John SmithRed Tornado
32%
Cisco RamonVibe
32%
Cassie SandsmarkWonder Girl
32%
Batman's DogAce The Bat-Hound
29%
Jackson HydeAqualad
29%
Drill Sergeant Green LanternKilowog
29%
The Original Wonder Girl/TroiaDonna Troy
25%
Jason BloodEtrigan
25%
Played By Matt RyanJohn Constantine
25%
Black Green LanternJohn Stewart
25%
Sara LanceWhite Canary
25%
Terry SloaneMister Terrific
21%
Courtney Elizabeth WhitmoreStargirl
21%
Allan HallmanSwamp Thing
21%
Stephanie BrownThe Spoiler
21%
Robin's CowBat-Cow
18%
Barda FreeBig Barda
18%
Michael Jon CarterBooster Gold
18%
Monster Creation Of A Mad ScientistFrankenstein
18%
A Son Of DarkseidOrion
18%
Carol FerrisStar Sapphire
18%
Mari Jiwe McCabeVixen
18%
Jefferson PierceBlack Lightning
14%
Karen Beecher-DuncanBumblebee
14%
Redhead Green LanternGuy Gardner
14%
Jesse ChambersJesse Quick
14%
Female Green LanternJessica Cruz
14%
Scott FreeMister Miracle
14%
Larry TrainorNegative Man
14%
Cliff SteeleRobotman
14%
John DiggleSpartan
14%
Zan and JaynaWonder Twins
14%
Hero Of Rann/The Man Of Two WorldsAdam Strange
11%
Jean-Paul Valley Jr.Azrael
11%
Member Of The Metal MenCopper
11%
Boston BrandDeadman
11%
Bobo T. ChimpanzeeDetective Chimp
11%
Rita Farr DaytonElasti-Girl
11%
Member Of The Metal MenGold
11%
Member Of The Metal MenIron
11%
Tatsu YamashiroKatana
11%
Member Of The Metal MenMercury
11%
Christopher SmithPeacemaker
11%
Member Of The Metal MenPlatinum
11%
Partner Of ^Simon Baz
11%
Member Of The Metal MenTin
11%
Kyle RaynerWhite Lantern
11%
Green Lantern Who Gave Hal Jordan
His Ring
Abin Sur
7%
Squirrel Green LanternCh'p
7%
Member Of The Metal MenLead
7%
Hartley RathawayPied Piper
7%
Bro'Dee WalkerSaint Walker
7%
Robot Companion Of ^Skeets
7%
Charles Victor SzaszThe Question
7%
Member Of The Super FriendsApache Chief
4%
Member Of The Super FriendsBlack Vulcan
4%
Adam BlakeCaptain Comet
4%
Creator Of The Metal MenDr. Will Magnus
4%
Member Of The Super FriendsEl Dorado
4%
IroqueIndigo-1
4%
Spanish Speaking Super Speed TwinsMas Y Menos
4%
Earth-3 Counterpart Of ShazamMazahs
4%
Member Of The Super FriendsSamurai
4%
Imra ArdeenSaturn Girl
4%
Good Gorilla Who Rules Gorilla CitySolovar
4%
Dr. Niles CaulderThe Chief
4%
Irwin SchwabAmbush Bug
0%
Al RothsteinAtom Smasher
0%
Squirrel Green LanternB'dg
0%
Michael MaxwellB'wana Beast
0%
Jack RyderCreeper
0%
Maxine HunkelCyclone
0%
Monkey Of ^Gleek
0%
Brian DurlinSavant
0%
Simon TrentThe Gray Ghost
0%
Super Dog Belonging To Wendy And MarvinWonder Dog
0%

Score Distribution

Percentile by Number Answered

Percent of People with Each Score

Your Score History

You have not taken this quiz since the last reset